Normal view MARC view

Entry Nome pessoal

Number of records used in: 3

001 - NÚMERO DE CONTROLE

  • campo de controle: 1014

003 - IDENTIFICADOR DO NÚMERO DE CONTROLE

  • campo de controle: Br

005 - DATA E HORÁRIO DA ÚLTIMA TRANSAÇÃO

  • campo de controle: 20250902081556.0

008 - CAMPO DE DADOS FIXOS

  • campo de controle de tamanho fixo: 030804|| acnnnaab| aaaa d

035 ## - NÚMERO DE CONTROLE DO SISTEMA

  • Número de Controle do Sistema: 2003080410590539med

040 ## - FONTE DA CATALOGAÇÃO

  • Instituição da catalogação original: Br
  • Instituição que transcreveu o registro: Br

100 1# - CABEÇALHO--NOME PESSOAL

  • Nome pessoal: De Saulles, Tony.

400 1# - REMISSIVA VER--NOME PESSOAL

  • Nome pessoal: Saulles, Tony De

670 ## - FONTE POSITIVA DOS DADOS

  • Citação da fonte positiva dos dados: Sec. de: Arnold, Nick. Natureza nojenta. [2003]
  • Dados encontrados na fonte localizada no subcampo: (\ Tony De Saulles; ilustrador)

670 ## - FONTE POSITIVA DOS DADOS

  • Citação da fonte positiva dos dados: LC auth. on line 1/8/03
  • Dados encontrados na fonte localizada no subcampo: (rem.)

670 ## - FONTE POSITIVA DOS DADOS

  • Citação da fonte positiva dos dados: blpc.bl.uk

670 ## - FONTE POSITIVA DOS DADOS

  • Citação da fonte positiva dos dados: www.northants-ect.gov.uk/apps/lis/bre/ufo/ton/ill.asp

Powered by Koha